000 00582nam a2200241Ia 4500
008 210210b1935 xxu||||| |||| 00| 0 eng d
041 _aeng
082 _a544.1TREA
100 _aTREADWELL (F P)
245 _aAnalytical chemistry: quantitative analysis Vol II
260 _aNewyork
_bJohn Wiley and Sons
_c1935
300 _axvii,597
440 _a2
650 _aVol
650 _aquantitative
650 _aII
650 _achemistry:
650 _achemistry
650 _aAnalytical
650 _aanalysis
690 _aQualitative Chemistry
906 _a009955
999 _c140615
_d140615